000 00821nam a22002417a 4500
003 OSt
005 20251010025101.0
008 251010b |||||||| |||| 00| 0 eng d
020 _a978-007-128912-2
040 _aDWCL-Admin lib
_cOC
082 _25th ed.
_aCirc. 658.4 V318i 2011
100 _aVarner, Iris
245 _aIntercultural communication in the global workplace/
_cIris Varner
260 _aN.Y. :
_bMcGraw-Hill,
_cc2011.
300 _axxiv, 503 p. : ill. ;
_c23 cm.
504 _aIcludes index.
650 _a1. Business communication-social aspects.
650 _a2. Communication in management-Social aspects.
650 _a3. Intercultural communication.
650 _a4. International business enterprises social aspects.
700 _aBeamer, Linda
942 _2ddc
_cBK-CIRC
_e5th ed.
_kCirc.
_n0
999 _c4807
_d4807